[Event "Netanya Open 2019"]
[Site "Netanya"]
[Date "2019.06.24"]
[Round "2.38"]
[White "Krayz, Alexander"]
[Black "Friedland, Eldar"]
[Result "1-0"]
[WhiteElo "2374"]
[BlackElo "1939"]
[PlyCount "47"]
[EventDate "2019.06.23"]
[EventType "swiss"]
[EventRounds "9"]
[EventCountry "ISR"]
[TimeControl "40/5400+30:1800+30"]

1. e4 c5 2. Nf3 d6 3. Bb5+ Bd7 4. Bxd7+ Nxd7 5. O-O Ngf6 6. Re1 g6 7. c3 Bg7 8. d4 O-O 9. Nbd2 cxd4 10. cxd4 Qb6 11. b3 Rac8 12. Bb2 e6 13. Rc1 Qa6 14. a4 Bh6 15. Rxc8 Rxc8 16. e5 dxe5 17. dxe5 Nd5 18. Ne4 Nc5 19. Nd6 Rd8 20. Qd4 Nd3 21. Qh4 Rxd6 22. exd6 Qxd6 23. Qxh6 e5 24. Bxe5 1-0

[Event "Netanya Open 2019"]
[Site "Netanya"]
[Date "2019.06.24"]
[Round "2.39"]
[White "Usha Margolin, Daniel"]
[Black "Sheinkman, Lidan"]
[Result "0-1"]
[WhiteElo "1437"]
[BlackElo "1863"]
[PlyCount "105"]
[EventDate "2019.06.23"]
[EventType "swiss"]
[EventRounds "9"]
[EventCountry "ISR"]
[TimeControl "40/5400+30:1800+30"]

1. e4 e6 2. d4 d5 3. exd5 exd5 4. Nc3 Nc6 5. Nf3 Bb4 6. Bb5 Bxc3+ 7. bxc3 Bg4 8. O-O Qd6 9. Re1+ Nge7 10. Bg5 f6 11. Bh4 O-O-O 12. Bg3 Qd7 13. Qe2 Nf5 14. h3 Nxg3 15. fxg3 Bf5 16. Rab1 Rhe8 17. Qf2 Be4 18. Rb2 b6 19. Nd2 f5 20. c4 dxc4 21. Nxc4 Qxd4 22. Qxd4 Rxd4 23. c3 Rdd8 24. Rbe2 Kb7 25. a4 a6 26. Bxc6+ Kxc6 27. Nd2 Rd3 28. Nxe4 fxe4 29. Rxe4 Rxe4 30. Rxe4 Rxc3 31. Rg4 b5 32. axb5+ axb5 33. Rxg7 b4 34. Rg8 b3 35. Rb8 Kc5 36. Kf2 Kc4 37. Rb7 c5 38. h4 Rc2+ 39. Kf3 Kc3 40. Rxh7 b2 41. Rb7 Rc1 42. h5 b1=Q 43. Rxb1 Rxb1 44. g4 Rh1 45. Kf4 Kd3 46. Kg5 c4 47. Kg6 c3 48. h6 c2 49. Kg7 c1=Q 50. h7 Qh6+ 51. Kf7 Qxh7+ 52. Kf6 Rh6+ 53. Ke5 0-1

[Event "Netanya Open 2019"]
[Site "Netanya"]
[Date "2019.06.24"]
[Round "2.40"]
[White "Scheinfeild, Michael"]
[Black "Iliaguev, Nisim"]
[Result "0-1"]
[WhiteElo "1582"]
[BlackElo "2375"]
[PlyCount "104"]
[EventDate "2019.06.23"]
[EventType "swiss"]
[EventRounds "9"]
[EventCountry "ISR"]
[TimeControl "40/5400+30:1800+30"]

1. c4 c5 2. Nf3 g6 3. Nc3 Nc6 4. g3 Bg7 5. Bg2 e6 6. O-O Nge7 7. d3 O-O 8. Bg5 h6 9. Bd2 d5 10. cxd5 exd5 11. e4 Be6 12. a3 Rc8 13. Re1 b6 14. Bf4 d4 15. Ne2 g5 16. Bd2 Ng6 17. Rf1 f5 18. exf5 Bxf5 19. Qb3+ Kh8 20. Rad1 Bg4 21. Nxg5 hxg5 22. f3 Bf5 23. g4 Bd7 24. Qd5 Nce5 25. Qb3 Qe7 26. Ng3 Nf4 27. Bxf4 Rxf4 28. Nh5 Rcf8 29. Nxf4 Rxf4 30. Qc2 Bc6 31. h3 Ng6 32. Rde1 Be5 33. Qe2 Qd6 34. b4 Rf8 35. bxc5 bxc5 36. Rb1 Bf4 37. Rb2 Be3+ 38. Kh1 Nh4 39. a4 Qg3 40. Qe1 Qxe1 41. Rxe1 Nxg2 42. Kxg2 Rxf3 43. Reb1 Bf4 44. a5 Rxd3+ 45. Kf1 Rxh3 46. a6 Be4 47. Rb8+ Bxb8 48. Rxb8+ Kg7 49. Rc8 Rf3+ 50. Ke2 d3+ 51. Kd2 Rf2+ 52. Ke1 d2+ 0-1

[Event "Netanya Open 2019"]
[Site "Netanya"]
[Date "2019.06.24"]
[Round "2.41"]
[White "Regenbogen, Yoseph"]
[Black "Veinberg, Nimrod"]
[Result "0-1"]
[WhiteElo "1806"]
[BlackElo "2401"]
[PlyCount "54"]
[EventDate "2019.06.23"]
[EventType "swiss"]
[EventRounds "9"]
[EventCountry "ISR"]
[TimeControl "40/5400+30:1800+30"]

1. e4 c5 2. Nf3 d6 3. d4 cxd4 4. Nxd4 Nf6 5. Nc3 a6 6. Be2 e6 7. O-O Be7 8. Be3 O-O 9. f3 b5 10. a3 Bb7 11. Qd2 Nbd7 12. Nb3 Rc8 13. Rad1 Ne5 14. Kh1 Qc7 15. Qd4 d5 16. exd5 Nxd5 17. Nxd5 Bxd5 18. Rc1 Ng6 19. Qd2 Rfd8 20. Qe1 Bf6 21. Bd4 Bg5 22. Nc5 Bxc1 23. Qxc1 Bc4 24. Nxa6 Qd6 25. Bxc4 Rxc4 26. c3 Qxa6 27. h4 Rdxd4 0-1

[Event "Netanya Open 2019"]
[Site "Netanya"]
[Date "2019.06.24"]
[Round "2.42"]
[White "Slobodiansky, Steven"]
[Black "Zoabi, Jihad"]
[Result "1/2-1/2"]
[WhiteElo "2088"]
[BlackElo "1788"]
[PlyCount "88"]
[EventDate "2019.06.23"]
[EventType "swiss"]
[EventRounds "9"]
[EventCountry "ISR"]
[TimeControl "40/5400+30:1800+30"]

1. e4 c5 2. Nf3 e6 3. d4 cxd4 4. Nxd4 Nf6 5. Nc3 d6 6. Be3 Be7 7. f3 a6 8. Qd2 Nc6 9. O-O-O O-O 10. g4 Nd7 11. f4 Nxd4 12. Bxd4 b5 13. Bg2 b4 14. Ne2 Rb8 15. Be3 Nb6 16. Qd3 Qc7 17. b3 Bd7 18. Nd4 Rfc8 19. Kb1 a5 20. Bc1 a4 21. Bb2 axb3 22. cxb3 Qa7 23. Rd2 Rc5 24. Ba1 Rbc8 25. Nc2 Qc7 26. Bb2 Bb5 27. Qd4 e5 28. Qf2 Rxc2 29. Rxc2 Bd3 30. Rhc1 exf4 31. Qd2 Bxc2+ 32. Rxc2 Qxc2+ 33. Qxc2 Rxc2 34. Kxc2 Nd7 35. Bc1 Bg5 36. a4 bxa3 37. Bxa3 Be7 38. h3 Ne5 39. Bc1 g5 40. b4 d5 41. exd5 Bxb4 42. Be4 Ng6 43. Kd3 Kf8 44. Bb2 Ke7 1/2-1/2

[Event "Netanya Open 2019"]
[Site "Netanya"]
[Date "2019.06.24"]
[Round "2.43"]
[White "Zilbershtein, Victor"]
[Black "Mizrahi, Ido"]
[Result "1-0"]
[WhiteElo "1756"]
[BlackElo "2101"]
[PlyCount "77"]
[EventDate "2019.06.23"]
[EventType "swiss"]
[EventRounds "9"]
[EventCountry "ISR"]
[TimeControl "40/5400+30:1800+30"]

1. d4 d5 2. Nf3 Nf6 3. e3 c5 4. b3 Nc6 5. Bb2 Bf5 6. Bd3 Bxd3 7. Qxd3 e6 8. O-O a6 9. a3 cxd4 10. exd4 Ne4 11. c4 Bd6 12. Nc3 f5 13. cxd5 exd5 14. b4 O-O 15. Na4 g5 16. Rad1 Qc7 17. Ne5 b5 18. Rc1 Bxe5 19. dxe5 Rad8 20. Nc5 Nxc5 21. Rxc5 Qd7 22. Rfc1 Ne7 23. Rc7 Qe6 24. Qd4 Rc8 25. Qa7 Rxc7 26. Rxc7 Rf7 27. Qb7 f4 28. Qa7 h5 29. Qd4 Nc6 30. Rxc6 Qxc6 31. e6 Rh7 32. Qf6 Qc7 33. h3 Qe7 34. Qg6+ Rg7 35. Bxg7 Qxg7 36. Qe8+ Qf8 37. Qd7 Qf5 38. Qd8+ Qf8 39. e7 1-0

[Event "Netanya Open 2019"]
[Site "Netanya"]
[Date "2019.06.24"]
[Round "2.44"]
[White "Brenner, Moshe"]
[Black "Tsirilman, Guy"]
[Result "1-0"]
[WhiteElo "2098"]
[BlackElo "1798"]
[PlyCount "81"]
[EventDate "2019.06.23"]
[EventType "swiss"]
[EventRounds "9"]
[EventCountry "ISR"]
[TimeControl "40/5400+30:1800+30"]

1. d4 Nf6 2. c4 g6 3. Nc3 Bg7 4. e4 d6 5. g3 O-O 6. Bg2 e5 7. Nge2 Nbd7 8. O-O exd4 9. Nxd4 Re8 10. Re1 c6 11. h3 Nc5 12. Rb1 a5 13. b3 Nfd7 14. Be3 Ne5 15. Qc2 a4 16. Red1 axb3 17. axb3 Na6 18. f4 Nb4 19. Qd2 Ned3 20. Na4 Qe7 21. Nc2 Nxc2 22. Qxc2 Nc5 23. Nxc5 dxc5 24. Qf2 Ra5 25. Rd3 Rd8 26. Rbd1 Rxd3 27. Rxd3 Be6 28. Kh2 b6 29. f5 Bd7 30. f6 Bxf6 31. Rxd7 Qxd7 32. Qxf6 Ra2 33. Bh6 Qd4 34. e5 Rxg2+ 35. Kxg2 Qe4+ 36. Qf3 Qc2+ 37. Kf1 Qb1+ 38. Ke2 Qb2+ 39. Bd2 Qxe5+ 40. Qe3 Qh5+ 41. g4 1-0

[Event "Netanya Open 2019"]
[Site "Netanya"]
[Date "2019.06.24"]
[Round "2.45"]
[White "Lifshits, Raz"]
[Black "Nissim, Jonathan"]
[Result "0-1"]
[WhiteElo "1749"]
[BlackElo "2082"]
[PlyCount "58"]
[EventDate "2019.06.23"]
[EventType "swiss"]
[EventRounds "9"]
[EventCountry "ISR"]
[TimeControl "40/5400+30:1800+30"]

1. e4 c5 2. Nf3 e6 3. c3 Nf6 4. e5 Nd5 5. Bc4 d6 6. d4 dxe5 7. dxe5 Nc6 8. O-O a6 9. Qe2 Na5 10. Bd3 b5 11. c4 Nb4 12. Be4 Rb8 13. cxb5 axb5 14. Nc3 Qb6 15. Bg5 h6 16. Bh4 Nbc6 17. a4 bxa4 18. Rxa4 Be7 19. Bxe7 Kxe7 20. Rd1 Ba6 21. Qc2 Rhd8 22. Raa1 Nb4 23. Qc1 Nb3 24. Qf4 Nxa1 25. Rxa1 Nd3 26. Qh4+ Kf8 27. Na4 Qa5 28. Bxd3 Rxd3 29. Rc1 Rb4 0-1

[Event "Netanya Open 2019"]
[Site "Netanya"]
[Date "2019.06.24"]
[Round "2.46"]
[White "Sokolovsky, Yahli"]
[Black "Fudim, Ariel"]
[Result "1-0"]
[WhiteElo "2054"]
[BlackElo "1768"]
[PlyCount "73"]
[EventDate "2019.06.23"]
[EventType "swiss"]
[EventRounds "9"]
[EventCountry "ISR"]
[TimeControl "40/5400+30:1800+30"]

1. e4 c5 2. Nf3 g6 3. d4 cxd4 4. Nxd4 Nc6 5. c4 Nf6 6. Nc3 d6 7. Be2 Nxd4 8. Qxd4 Bg7 9. Be3 O-O 10. Qd2 Re8 11. O-O Be6 12. b3 Qa5 13. Rab1 Nd7 14. Rfc1 f5 15. b4 Qd8 16. f4 Nf6 17. Bd3 Ng4 18. exf5 gxf5 19. Nd5 Bd7 20. h3 Nxe3 21. Nxe3 e6 22. Bc2 Bf8 23. Rb3 Ba4 24. Rd3 Bxc2 25. Rxc2 Qf6 26. g4 Kh8 27. gxf5 exf5 28. Nd5 Qg6+ 29. Kh2 Re4 30. Rg3 Qf7 31. Qd3 Bg7 32. Rcg2 Bf6 33. Nxf6 Qxf6 34. Qd5 Ree8 35. Rg5 Rf8 36. Qxb7 Qd4 37. Qxh7+ 1-0

[Event "Netanya Open 2019"]
[Site "Netanya"]
[Date "2019.06.24"]
[Round "2.47"]
[White "Sobel, Alon"]
[Black "Parnes, Nadav"]
[Result "0-1"]
[WhiteElo "1704"]
[BlackElo "2072"]
[PlyCount "92"]
[EventDate "2019.06.23"]
[EventType "swiss"]
[EventRounds "9"]
[EventCountry "ISR"]
[TimeControl "40/5400+30:1800+30"]

1. d4 d6 2. c4 Nf6 3. Nc3 g6 4. e4 Bg7 5. f4 c5 6. d5 O-O 7. Nf3 e6 8. Be2 exd5 9. cxd5 Re8 10. Nd2 Na6 11. O-O Nc7 12. a4 b6 13. Re1 a6 14. Bf3 Rb8 15. Nc4 b5 16. axb5 axb5 17. Na5 Bd7 18. e5 b4 19. Nb1 Qe7 20. Nc4 Nb5 21. Bd2 dxe5 22. fxe5 Nh5 23. g4 Qh4 24. Re4 Nf6 25. Rf4 g5 26. Rxf6 Bxf6 27. exf6 h5 28. Ne3 Nd4 29. gxh5 Re5 30. b3 Rbe8 31. Bg2 Rxe3 32. Bxe3 Rxe3 33. Nd2 Bg4 34. Qb1 Bf5 35. Qa2 Re2 36. Rf1 Qg4 37. Qa8+ Kh7 38. d6 Rxd2 39. Qb7 Be6 40. Kh1 Rd1 41. Be4+ Kh6 42. Rxd1 Qxd1+ 43. Kg2 Kxh5 44. d7 Bh3+ 45. Kf2 Qf1+ 46. Kg3 Ne2# 0-1

[Event "Netanya Open 2019"]
[Site "Netanya"]
[Date "2019.06.24"]
[Round "2.48"]
[White "Levin, Guy"]
[Black "Zaromb, Charles Irving"]
[Result "1/2-1/2"]
[WhiteElo "2052"]
[BlackElo "1738"]
[PlyCount "130"]
[EventDate "2019.06.23"]
[EventType "swiss"]
[EventRounds "9"]
[EventCountry "ISR"]
[TimeControl "40/5400+30:1800+30"]

1. c4 Nf6 2. Nf3 c5 3. Nc3 Nc6 4. d4 cxd4 5. Nxd4 e6 6. Ndb5 a6 7. Nd6+ Bxd6 8. Qxd6 Qe7 9. Bf4 Nh5 10. Qxe7+ Kxe7 11. Be3 f5 12. Bc5+ Kf7 13. O-O-O Nf6 14. g3 b5 15. cxb5 axb5 16. a3 Ba6 17. e3 b4 18. Bxb4 Nxb4 19. axb4 Bxf1 20. Rhxf1 Rab8 21. b5 Rhc8 22. Kb1 d5 23. f3 Ke7 24. Rfe1 g5 25. Rd4 Kf7 26. Ra4 Ra8 27. Rb4 Rab8 28. e4 fxe4 29. fxe4 Nxe4 30. Nxe4 dxe4 31. Rbxe4 Rb6 32. Rf1+ Ke7 33. Re5 h6 34. h4 gxh4 35. gxh4 Rcb8 36. Rff5 Rf8 37. Rxf8 Kxf8 38. Kc2 Ke7 39. Rh5 Kd6 40. Kc3 Rb8 41. Rxh6 Rxb5 42. b4 Re5 43. h5 Kc6 44. Rh8 Re4 45. h6 Rh4 46. b5+ Kb7 47. Kd3 Rh5 48. Ke4 Rxb5 49. Re8 Rh5 50. Rxe6 Kc7 51. Ra6 Kb7 52. Rf6 Kc7 53. Ra6 Kb7 54. Rg6 Kc7 55. Kf4 Kd7 56. Kg4 Rh1 57. Kg5 Ke7 58. Rg7+ Kf8 59. Kg6 Rg1+ 60. Kh7 Rf1 61. Rg5 Rf7+ 62. Kg6 Kg8 63. Rh5 Rf8 64. Re5 Ra8 65. Re6 Kh8 1/2-1/2

[Event "Netanya Open 2019"]
[Site "Netanya"]
[Date "2019.06.24"]
[Round "2.49"]
[White "Neeman, Gal"]
[Black "Ben Ari, Yannay"]
[Result "1-0"]
[WhiteElo "1661"]
[BlackElo "2049"]
[PlyCount "81"]
[EventDate "2019.06.23"]
[EventType "swiss"]
[EventRounds "9"]
[EventCountry "ISR"]
[TimeControl "40/5400+30:1800+30"]

1. d4 Nf6 2. Nf3 e6 3. Bf4 b6 4. e3 Bb7 5. Nbd2 Bd6 6. Bxd6 cxd6 7. Bd3 d5 8. c4 dxc4 9. Nxc4 Qe7 10. O-O O-O 11. a4 Ne4 12. Qc2 f5 13. a5 b5 14. Ncd2 Rc8 15. Qb3 Bd5 16. Qxb5 Nc6 17. Qa4 Rab8 18. Rab1 Nb4 19. Bb5 a6 20. Be2 Rc2 21. Rfd1 Rbc8 22. Bf1 Ba2 23. Ra1 Rxb2 24. Nxe4 fxe4 25. Ne5 d6 26. Qd7 Qxd7 27. Nxd7 Rd8 28. Nb6 Rf8 29. Rdc1 Rbxf2 30. Rc7 Nc2 31. Bxa6 Nxe3 32. Rc3 Nxg2 33. Nd7 R8f4 34. Rc8+ Kf7 35. Rf8+ Ke7 36. Rxf4 Rxf4 37. Kxg2 Bd5 38. Nb6 e3+ 39. Nxd5+ exd5 40. Bb5 Rf2+ 41. Kg1 1-0

[Event "Netanya Open 2019"]
[Site "Netanya"]
[Date "2019.06.24"]
[Round "2.50"]
[White "Zhimalov, Adam"]
[Black "Ribstein, Orel"]
[Result "1-0"]
[WhiteElo "2044"]
[BlackElo "1697"]
[PlyCount "73"]
[EventDate "2019.06.23"]
[EventType "swiss"]
[EventRounds "9"]
[EventCountry "ISR"]
[TimeControl "40/5400+30:1800+30"]

1. d4 d6 2. Nf3 g6 3. c4 Bg7 4. Nc3 Nf6 5. e4 O-O 6. h3 e5 7. d5 Na6 8. Be3 h6 9. g4 Ne8 10. Rg1 Kh7 11. Nd2 f5 12. gxf5 gxf5 13. exf5 Bxf5 14. Qh5 Nb4 15. O-O-O Qd7 16. a3 Nf6 17. Qf3 Nc2 18. Nb3 Nxe3 19. fxe3 a5 20. Qg2 Qe7 21. Nd2 Rg8 22. Qf2 Bg6 23. Nf3 Raf8 24. Nh4 Bh5 25. Qc2+ e4 26. Rd4 Re8 27. Qf2 Qe5 28. Ng2 Ref8 29. Nf4 Bf7 30. Qc2 Re8 31. Be2 c5 32. dxc6 bxc6 33. Rgd1 Bf8 34. Nxe4 Nxe4 35. Rxe4 Qf5 36. Bd3 Rxe4 37. Bxe4 1-0

[Event "Netanya Open 2019"]
[Site "Netanya"]
[Date "2019.06.24"]
[Round "2.51"]
[White "Tal-Shahar, Liam"]
[Black "Freidles, Victor"]
[Result "1-0"]
[WhiteElo "1623"]
[BlackElo "2040"]
[PlyCount "93"]
[EventDate "2019.06.23"]
[EventType "swiss"]
[EventRounds "9"]
[EventCountry "ISR"]
[TimeControl "40/5400+30:1800+30"]

1. e4 c6 2. d4 d5 3. exd5 cxd5 4. c4 Nf6 5. Nc3 Nc6 6. Bg5 Be6 7. c5 Ne4 8. Be3 g6 9. Bb5 Bg7 10. Nge2 O-O 11. O-O f5 12. Nf4 Bf7 13. Qa4 g5 14. Nfxd5 Nxc3 15. Nxc3 f4 16. d5 Ne5 17. Bd4 a6 18. Be2 f3 19. gxf3 Be8 20. Qd1 Ng6 21. Bxg7 Kxg7 22. Ne4 Rf5 23. d6 Bc6 24. dxe7 Qxe7 25. Qd4+ Qe5 26. Ng3 Rf7 27. Qxe5+ Nxe5 28. b4 Rh8 29. a4 h5 30. b5 Bxf3 31. Bxf3 Nxf3+ 32. Kg2 Nh4+ 33. Kh1 axb5 34. axb5 Rc8 35. Ne4 Re7 36. Ra4 Nf3 37. Rc1 Re5 38. b6 g4 39. Rac4 Rce8 40. Nd6 Re1+ 41. Kg2 Rf8 42. Kg3 Re2 43. R4c2 Ne1 44. Rxe2 Rf3+ 45. Kh4 Nd3 46. Rc3 Rh3+ 47. Kg5 1-0

[Event "Netanya Open 2019"]
[Site "Netanya"]
[Date "2019.06.24"]
[Round "2.52"]
[White "Cohen Revivo, Alon"]
[Black "Kushnir, Arie"]
[Result "0-1"]
[WhiteElo "2030"]
[BlackElo "1662"]
[PlyCount "58"]
[EventDate "2019.06.23"]
[EventType "swiss"]
[EventRounds "9"]
[EventCountry "ISR"]
[TimeControl "40/5400+30:1800+30"]

1. d4 d5 2. c4 e6 3. Nc3 Nf6 4. cxd5 exd5 5. Bg5 Be7 6. e3 Nbd7 7. Bd3 h6 8. Bh4 O-O 9. Nge2 c6 10. Qc2 b6 11. O-O-O b5 12. Kb1 Nb6 13. h3 a5 14. Bxf6 Bxf6 15. e4 a4 16. e5 Be7 17. Nc1 Bd7 18. N3e2 Nc4 19. Bf5 Qc8 20. g4 b4 21. Qd3 Be6 22. f4 Qb7 23. Ng3 b3 24. a3 Bxa3 25. Nh5 Bxb2 26. Nf6+ gxf6 27. Rh2 Bxc1 28. Bxe6 fxe6 29. Rxc1 a3 0-1

[Event "Netanya Open 2019"]
[Site "Netanya"]
[Date "2019.06.24"]
[Round "2.53"]
[White "Lazebnikov, Efim"]
[Black "Tartakovsky, Daniel"]
[Result "0-1"]
[WhiteElo "1444"]
[BlackElo "2021"]
[PlyCount "120"]
[EventDate "2019.06.23"]
[EventType "swiss"]
[EventRounds "9"]
[EventCountry "ISR"]
[TimeControl "40/5400+30:1800+30"]

1. b3 Nf6 2. Bb2 g6 3. Bxf6 exf6 4. Nc3 f5 5. e3 Bg7 6. d4 O-O 7. g3 c5 8. Nge2 d6 9. Bg2 Nc6 10. Qd2 cxd4 11. exd4 Qa5 12. Bxc6 bxc6 13. O-O-O Be6 14. Na4 Qc7 15. Kb1 Rab8 16. Nf4 Qd7 17. Rhe1 c5 18. d5 Bxd5 19. Nxc5 dxc5 20. Nxd5 Qb7 21. Qd3 Bd4 22. Ne3 a5 23. a4 Qb4 24. Ka2 Rfd8 25. Qe2 Re8 26. Qd3 Re5 27. f4 Re6 28. Nd5 Qxe1 29. Rxe1 Rxe1 30. c3 Rbe8 31. b4 Bg7 32. bxc5 R1e4 33. Kb3 Rb8+ 34. Nb6 Bf8 35. Qd5 Re6 36. Kc4 Bxc5 37. Nd7 Rd6 38. Nxb8 Rxd5 39. Kxd5 Bg1 40. h3 Bh2 41. Ke5 Bxg3 42. c4 Kg7 43. c5 f6+ 44. Kd5 Bxf4 45. Nc6 Bc7 46. Nd4 Kf7 47. c6 f4 48. Ke4 Ke7 49. Nb5 Kd8 50. Nc3 h5 51. Nd5 f5+ 52. Kf3 g5 53. Nf6 g4+ 54. hxg4 hxg4+ 55. Kg2 Ke7 56. Nd5+ Kd6 57. Nf6 Kxc6 58. Ne8 f3+ 59. Kf1 g3 60. Nxc7 Kxc7 0-1

[Event "Netanya Open 2019"]
[Site "Netanya"]
[Date "2019.06.24"]
[Round "2.54"]
[White "Gov, Guy"]
[Black "Kadosh, Lior"]
[Result "1-0"]
[WhiteElo "2006"]
[BlackElo "1649"]
[PlyCount "89"]
[EventDate "2019.06.23"]
[EventType "swiss"]
[EventRounds "9"]
[EventCountry "ISR"]
[TimeControl "40/5400+30:1800+30"]

1. b3 b6 2. e4 e5 3. Bb2 Nc6 4. Nf3 d6 5. d4 exd4 6. Nxd4 Nge7 7. Nxc6 Nxc6 8. Qd5 Bb7 9. Bb5 Qd7 10. Qg5 a6 11. Be2 Qe6 12. Nd2 Nb4 13. O-O h6 14. Qg3 h5 15. Bc4 Qh6 16. Qc3 Nc6 17. Bd5 Kd7 18. Nf3 f6 19. Rad1 Re8 20. Nd4 Nxd4 21. Qh3+ Ne6 22. Bxb7 g5 23. Bxa6 Ra8 24. Bb5+ Ke7 25. Qc3 Rxa2 26. Qc6 Kf7 27. Qe8+ Kg7 28. Qxe6 Rxb2 29. Be8 Kh7 30. Qf5+ Kg8 31. e5 dxe5 32. Rd7 Rh7 33. Rxh7 Qxh7 34. Qxf6 Qg7 35. Qe6+ Kh8 36. Bxh5 Rxc2 37. Rd1 Bd6 38. g3 Qf8 39. Bf7 Qg7 40. Ra1 Kh7 41. Qf5+ Kh8 42. Ra8+ Bf8 43. Qh3+ Qh7 44. Rxf8+ Kg7 45. Rg8+ 1-0

[Event "Netanya Open 2019"]
[Site "Netanya"]
[Date "2019.06.24"]
[Round "2.55"]
[White "Kinberg, Raz"]
[Black "Cohen, Elad"]
[Result "0-1"]
[WhiteElo "1385"]
[BlackElo "1999"]
[PlyCount "110"]
[EventDate "2019.06.23"]
[EventType "swiss"]
[EventRounds "9"]
[EventCountry "ISR"]
[TimeControl "40/5400+30:1800+30"]

1. e4 e5 2. Nf3 Nc6 3. Bc4 Nf6 4. d3 Bc5 5. c3 d6 6. O-O h6 7. Re1 O-O 8. h3 Bb6 9. Be3 Be6 10. Bb3 Re8 11. Nbd2 d5 12. exd5 Bxd5 13. Bxb6 axb6 14. a3 Bxb3 15. Nxb3 Qd5 16. d4 e4 17. Nfd2 Qg5 18. Nf1 Nd5 19. Qg4 f5 20. Qxg5 hxg5 21. Ne3 Nce7 22. Nd2 Nf4 23. Nb3 g6 24. Nc1 Rad8 25. Nc2 c5 26. Kh2 Nc6 27. Rd1 Kf7 28. g3 Nd3 29. Nxd3 exd3 30. Rxd3 Re2 31. Rc1 Rxf2+ 32. Kg1 Re2 33. b4 Ne5 34. Re3 Rxe3 35. Nxe3 cxd4 36. cxd4 Rxd4 37. Rc7+ Rd7 38. Rc8 Ke7 39. Kf1 f4 40. Ng4 Nxg4 41. hxg4 Kf6 42. Rf8+ Ke5 43. Re8+ Kd4 44. Re6 Rc7 45. Rxg6 Ke3 46. gxf4 gxf4 47. Re6+ Kf3 48. Kg1 Kg3 49. Kf1 Rc1+ 50. Ke2 f3+ 51. Kd2 Ra1 52. Rf6 f2 53. Ke2 Re1+ 54. Kd2 f1=Q 55. Rxf1 Rxf1 0-1

[Event "Netanya Open 2019"]
[Site "Netanya"]
[Date "2019.06.24"]
[Round "2.56"]
[White "Kharlamov, Igor"]
[Black "Sobel, Ido"]
[Result "1-0"]
[WhiteElo "2019"]
[BlackElo "1606"]
[PlyCount "97"]
[EventDate "2019.06.23"]
[EventType "swiss"]
[EventRounds "9"]
[EventCountry "ISR"]
[TimeControl "40/5400+30:1800+30"]

1. d4 e6 2. c4 d5 3. Nc3 Nf6 4. Bg5 Be7 5. e3 O-O 6. Nf3 h6 7. Bh4 Ne4 8. Bxe7 Qxe7 9. Qc2 Nxc3 10. Qxc3 dxc4 11. Bxc4 b6 12. O-O Bb7 13. Be2 Rc8 14. b4 Nd7 15. Rfc1 Nf6 16. Rab1 Bd5 17. Ba6 Rd8 18. Qxc7 Qxc7 19. Rxc7 Bxa2 20. Ra1 Ne8 21. Rc3 Bd5 22. Ne5 f6 23. Ng6 Rd7 24. Rac1 Bb7 25. Bb5 Rdd8 26. Bxe8 Rxe8 27. Rc7 Be4 28. Nf4 Kh8 29. f3 Bd5 30. e4 Bb3 31. R1c3 Bd1 32. Nh5 Rg8 33. d5 exd5 34. exd5 a5 35. bxa5 bxa5 36. d6 Rad8 37. Rd3 Ba4 38. d7 Bb5 39. Rd5 Ba4 40. Nf4 Bb3 41. Rxa5 g5 42. Nd3 Kg7 43. Nc5 Bd5 44. Ra1 Kf7 45. Rd1 Ba8 46. Re1 Bd5 47. Kf2 f5 48. Re5 Bc4 49. Nb7 1-0

[Event "Netanya Open 2019"]
[Site "Netanya"]
[Date "2019.06.24"]
[Round "2.57"]
[White "Fudim, Basya"]
[Black "Stolyarsky, Yegor"]
[Result "0-1"]
[WhiteElo "1332"]
[BlackElo "2017"]
[PlyCount "88"]
[EventDate "2019.06.23"]
[EventType "swiss"]
[EventRounds "9"]
[EventCountry "ISR"]
[TimeControl "40/5400+30:1800+30"]

1. d4 Nf6 2. Bf4 g6 3. Nf3 Bg7 4. e3 O-O 5. Bd3 d6 6. O-O Nbd7 7. c3 Re8 8. Bg3 e5 9. Bc2 e4 10. Ng5 h6 11. Nh3 Nh5 12. Nd2 Nxg3 13. fxg3 Nf6 14. Nf4 d5 15. c4 c6 16. Bb3 Ng4 17. Qe1 Nxe3 18. Qxe3 dxc4 19. Ne2 cxb3 20. Nxb3 Bg4 21. Nc3 Be6 22. Rad1 Bxb3 23. axb3 Qb6 24. Ne2 Rad8 25. Rd2 Rd6 26. Rf4 f5 27. Rf1 Red8 28. Rfd1 Qb4 29. Qc3 a5 30. Qxb4 axb4 31. Kf2 Kf7 32. Ke3 h5 33. Nf4 Bh6 34. Rf1 Bxf4+ 35. gxf4 c5 36. Rfd1 cxd4+ 37. Rxd4 Rxd4 38. Rxd4 Rxd4 39. Kxd4 b5 40. h4 Ke6 41. g3 Kd6 42. Ke3 Kd5 43. Ke2 Kd4 44. Kd2 e3+ 0-1

[Event "Netanya Open 2019"]
[Site "Netanya"]
[Date "2019.06.24"]
[Round "2.58"]
[White "Tsyn, Igor"]
[Black "Kopaloff, Liam"]
[Result "1-0"]
[WhiteElo "2002"]
[BlackElo "1545"]
[PlyCount "79"]
[EventDate "2019.06.23"]
[EventType "swiss"]
[EventRounds "9"]
[EventCountry "ISR"]
[TimeControl "40/5400+30:1800+30"]

1. e4 c5 2. Nf3 d6 3. d4 cxd4 4. Nxd4 Nf6 5. Nc3 a6 6. Bc4 e6 7. Bb3 Be7 8. O-O O-O 9. Qf3 Qc7 10. Qg3 Kh8 11. Be3 b5 12. a3 Nc6 13. Rad1 Bb7 14. Nxc6 Bxc6 15. f3 Rfd8 16. Rd2 Kg8 17. Rfd1 e5 18. Bh6 g6 19. Bg5 Nh5 20. Qh4 Bxg5 21. Qxg5 Kg7 22. Rxd6 f6 23. Qd2 Rxd6 24. Qxd6 Rc8 25. Qxc7+ Rxc7 26. Rd6 a5 27. Kf2 Nf4 28. g3 Nh3+ 29. Ke3 Ng5 30. f4 exf4+ 31. gxf4 Nf7 32. Bxf7 Kxf7 33. Ne2 Ke7 34. e5 fxe5 35. fxe5 Bd7 36. Nd4 Rc5 37. Kf4 Rc4 38. Ke4 Rc5 39. c3 a4 40. Rb6 1-0

[Event "Netanya Open 2019"]
[Site "Netanya"]
[Date "2019.06.24"]
[Round "2.59"]
[White "Lisnovetzky, Daniel"]
[Black "Iliaguev, Daniel"]
[Result "0-1"]
[WhiteElo "1320"]
[BlackElo "2007"]
[PlyCount "50"]
[EventDate "2019.06.23"]
[EventType "swiss"]
[EventRounds "9"]
[EventCountry "ISR"]
[TimeControl "40/5400+30:1800+30"]

1. d4 Nf6 2. Bf4 c5 3. e3 g6 4. c3 Bg7 5. Nd2 O-O 6. Bd3 d6 7. Qc2 Nbd7 8. Ngf3 b6 9. h4 h5 10. O-O-O Bb7 11. Rdg1 Re8 12. Bg5 Qc7 13. Ne4 Ng4 14. Nh2 c4 15. Nxg4 cxd3 16. Qxd3 hxg4 17. h5 Nf6 18. Nxf6+ exf6 19. Bf4 Be4 20. Qe2 gxh5 21. f3 Bg6 22. fxg4 hxg4 23. Qxg4 Qc4 24. Rh6 Bxh6 25. Bxh6 Qd3 0-1

[Event "Netanya Open 2019"]
[Site "Netanya"]
[Date "2019.06.24"]
[Round "2.60"]
[White "Uritsky, Yonathan"]
[Black "Schnaidman, Itzhak"]
[Result "1-0"]
[WhiteElo "1981"]
[BlackElo "1474"]
[PlyCount "55"]
[EventDate "2019.06.23"]
[EventType "swiss"]
[EventRounds "9"]
[EventCountry "ISR"]
[TimeControl "40/5400+30:1800+30"]

1. e4 e5 2. Nf3 Nc6 3. d4 exd4 4. Nxd4 Nf6 5. Nxc6 bxc6 6. e5 Qe7 7. Qe2 Nd5 8. c4 Nb6 9. Nc3 a5 10. Qe4 Bb7 11. Bd3 d5 12. exd6 Qxe4+ 13. Nxe4 cxd6 14. O-O d5 15. cxd5 cxd5 16. Bb5+ Nd7 17. Ng5 f6 18. Re1+ Be7 19. Ne6 Bb4 20. Re2 Kf7 21. Bxd7 Ba6 22. Re3 Ra7 23. Ba4 d4 24. Nxd4 Rd8 25. Bb3+ Kg6 26. Rg3+ Kh5 27. Bd1+ Kh4 28. Rh3# 1-0

[Event "Netanya Open 2019"]
[Site "Netanya"]
[Date "2019.06.24"]
[Round "2.61"]
[White "Feldman, Antony"]
[Black "Lomakin, Vladimir"]
[Result "0-1"]
[WhiteElo "1972"]
[BlackElo "1430"]
[PlyCount "74"]
[EventDate "2019.06.23"]
[EventType "swiss"]
[EventRounds "9"]
[EventCountry "ISR"]
[TimeControl "40/5400+30:1800+30"]

1. e4 e5 2. Nc3 Nc6 3. g3 Nf6 4. Bg2 Bc5 5. Nge2 d6 6. O-O O-O 7. Na4 Bb6 8. Nxb6 axb6 9. d4 exd4 10. Nxd4 Bd7 11. Ne2 Re8 12. Nc3 h6 13. f4 Qc8 14. f5 Ne5 15. h3 Bc6 16. g4 Nh7 17. h4 Qd8 18. Qe1 Nxg4 19. Qg3 h5 20. Bf4 Qf6 21. Rad1 Qe7 22. a3 Nhf6 23. Rfe1 Qf8 24. Nd5 Bxd5 25. exd5 Rxe1+ 26. Rxe1 Re8 27. Kf1 Rxe1+ 28. Qxe1 Qc8 29. Be4 Qe8 30. Bg2 Qb5+ 31. Qe2 Qxb2 32. Qc4 Ne8 33. a4 Qb1+ 34. Ke2 Qg1 35. Qe4 Qf2+ 36. Kd1 Nef6 37. Qf3 Qd4+ 0-1